00522 2200205 4500001002100000005001500021008004100036020001800077035001900095041000800114082001000122084001600132100002000148245003000168250001100198260003200209300003900241650001400280650002200294INLIS00000000000580420200508203307200508||||||||| | ||| |||| ||ind|| a979-561-012-0 0010-0520005804 aind0 a297.5 a297.5/ASY/B0 aAhmad Isa Asyur00aBerbakti Kepada Ibu Bapak aCet.1. aJakartabGunung Agungc1988 a88 hlm. ; ilus. ; 18,5 cmc18,5 cm 0a1. Akhlak 0a2. Hukum Keluarga